000 00860cab a2200253 4500
001 ABS47378
008 090401t1992 xxu||||| |||| 00| 0 eng d
035 _a(Sirsi) u61778
041 _aeng
100 _aKerry, G.
245 _aAcoustic rating for partitions
260 _c1992
350 _a0
490 _aCS Monthly
_bthe Building Surveyor
_v2(30 November 1992, 6-7(2)
520 _aDescribes procedures for sound insulation rating including details of tests carried out under laboratory conditions at the University of Salford. A Sound Reproduction Index (dB) is represented graphically.
650 _aACOUSTIC RATING
650 _aBUILT ENVIRONMENT-CONSTRUCTION DESIGN-ACOUSTICS
650 _aNOISE LEVELS
650 _aSOUND INSULATION
650 _aSOUND PROOFING
690 _aBUILT ENVIRONMENT
942 _n0
948 _c04/03/1997
999 _c38313
_d38313